00595nam a2200169Ia 4500008004100000020001500041020001800056041000800074050002400082100002800106245005800134260005500192300003900247650004100286650004800327650005000375201007s9999||||xx |||||||||||||| ||und|| a0520247477 a9780520247475 aeng aHN80.N5 b.S53 2006 aSharman, Russell Leigh  4aThe tenants of East Harlemb /cRussell Leigh Sharman aBerkeley : bUniversity of California Press,c2006 axiv, 243 p. :bill, map. ;c23 cm. aEthnicity New York (State) New York. aSociology, Urban New York (State) New York. aUrban anthropology New York (State) New York.